Отряд самоубийц. Кн. 2: Восход Василиска (Запись № 11992717)

Подробности
000 -МАРКЕР
контрольное поле 01223nam2a2200241 4500
001 - ИДЕНТИФИКАТОР ЗАПИСИ
контрольное поле RU\NLR\BIBL_A\011215144
005 - ИДЕНТИФИКАТОР ВЕРСИИ
контрольное поле 20250625215721.0
021 ## - НОМЕР ГОСУДАРСТВЕННОЙ РЕГИСТРАЦИИ
Код страны Российская Федерация
Номер 2016-1649аи
Номер Листа государственной регистраци 139аи
035 ## - ДРУГИЕ СИСТЕМНЫЕ НОМЕРА
Идентификатор записи (NLR Aleph) 011215144
100 ## - ДАННЫЕ ОБЩЕЙ ОБРАБОТКИ
Данные общей обработки 20160919d2016 |||y0rusy50 ca
101 1# - ЯЗЫК РЕСУРСА
Язык текста, звукозаписи и т.д. русский
Язык оригинала английский
102 ## - СТРАНА ПУБЛИКАЦИИ ИЛИ ПРОИЗВОДСТВА
Страна публикации Российская Федерация
-- Украина
105 ## - ПОЛЕ КОДИРОВАННЫХ ДАННЫХ: ТЕКСТОВЫЕ МАТЕРИАЛЫ, МОНОГРАФИЧЕСКИЕ
Кодированные данные о монографическом текстовом документе a|||t|||000ay
200 1# - ЗАГЛАВИЕ И СВЕДЕНИЯ ОБ ОТВЕТСТВЕННОСТИ
Основное заглавие Восход Василиска
Первые сведения об ответственности Адам Гласс, Фернандо Дагнино
Последующие сведения об ответственности [пер. с англ.: Всеволод Нежданов]
210 ## - ПУБЛИКАЦИЯ, РАСПРОСТРАНЕНИЕ И ДР.
Дата издания, распространения и т.д. 2016
Место издания, распространения и т.д. Б. м.
215 ## - ФИЗИЧЕСКАЯ ХАРАКТЕРИСТИКА
Специфическое обозначение материала и объем [192] с.
Другие сведения о физической характеристике цв. ил.
461 #0 - УРОВЕНЬ НАБОРА
Встроенное поле 001RU\NLR\BIBL_A\011146202
-- 2001#$aОтряд самоубийц$e[графический роман]$fАдам Гласс, Федерико Даллоччио, Клейтон Генри$g[пер. с англ. И. Смирновой]$vКн. 2
Системный номер (АБИС) связанной записи 11646210
Место публикации Санкт-Петербург
Дата публикации 2016
Первые сведения об ответственности Адам Гласс, Федерико Даллоччио, Клейтон Генри
Имя издателя, распространителя и т.д. Азбука
Сведения, относящиеся к заглавию [графический роман]
Заглавие Отряд самоубийц
Номер тома Кн. 2
702 #1 - ИМЯ ЛИЦА - ВТОРИЧНАЯ ОТВЕТСТВЕННОСТЬ
Начальный элемент ввода Дагнино
Часть имени, кроме начального элемента ввода Ф.
Расширение инициалов личного имени Фернандо
Код отношения Карикатурист, Художник
942 ## - ДОПОЛНИТЕЛЬНЫЕ ЭЛЕМЕНТЫ ЗАПИСИ (АБИС)
Тип экземпляра АБИС Книга
980 ## - КОЛЛЕКЦИЯ
Название коллекции Национальная библиография
Экземпляры
Тип экземпляра Дата поступления Источник поступления Библиотека постоянного хранения Библиотека текущего хранения Место хранения Шифр хранения Штрих-код Статус экземпляра
Книга 19.09.2016 Обязательный экземпляр РНБ (Московский) РНБ (Московский) Русский книжный фонд: издания с 1957 года 2016-7/2440 1-1514623  
Книга 19.09.2016 Обязательный экземпляр РНБ (Московский) РНБ (Московский) Обменный фонд   1-1514619